00189nam a2200073Ia 4500008004100000100001700041245002300058260003400081170817s9999 xx 000 0 und d aSharma.Anita 0aDistance Education bOmgega Publications New Delhi